000 00831nam a22002177a 4500
003 NALT
005 20250418143508.0
008 s2550 th tha d
020 _a9789743239335
040 _aNALT
041 _atha
050 _aDS 491.5
_bว768ภ 2550
100 0 _aวิษณุ เครืองาม
_92016
245 1 0 _aภูฎาน วิมานปลายฟ้า /
_cวิษณุ เครืองาม.
260 _aกรุงเทพฯ :
_bมติชน,
_c2550.
300 _a222 หน้า :
_bภาพประกอบ ;
_c21 ซม.
651 4 _945488
_aภูฎาน
_xภูมิประเทศและการท่องเที่ยว
850 _aNALT
942 _cGB
_2lcc
999 _c51767
_d51767
998 _j8
_k นายบัณฑิต อุทาวงค์